000 00520 a2200181 4500
003 OSt
005 20250401125640.0
008 231130b |||||||| |||| 00| 0 eng d
020 _a9789355492609
040 _coclc
082 _a894.812301
_bIND/A
100 _aIndugopan, G R
_98021
245 _aAmminippilla Vettukes /
_cG.R. Indugopan
250 _a6th ed.
260 _aKozhikode:
_bMathrubhumi Books,
_c2022.
300 _a102p.
942 _2ddc
_cBK
_h894.812301
_iIND/A
_k894.812301
_mIND/A
999 _c43895
_d43895